Normal view
MARC view
- Donnelly, Marlene Hill
Entry Personal Name
001 - CONTROL NUMBER
- control field: 86610
003 - CONTROL NUMBER IDENTIFIER
- control field: OSt
005 - DATE AND TIME OF LATEST TRANSACTION
- control field: 20250825113344.0
008 - FIXED-LENGTH DATA ELEMENTS
- fixed length control field: 250825|| aca||aabn | a|a d
040 ## - CATALOGING SOURCE
- Original cataloging agency: OSt
- Transcribing agency: OSt
100 ## - HEADING--PERSONAL NAME
- Personal name: Donnelly, Marlene Hill
670 ## - SOURCE DATA FOUND
- Source citation: Work cat.: (OSt)49421: Selsam, Millicent Ellis, 1912- author., Big tracks, little tracks :, [1999]